Wycieczka dookola swiata - Statystyki

Ogólne statystyki
  • Ten quiz został rozwiązany 30 razy
  • Średni wynik to 13 z 17
Statystyki odpowiedzi
Hint Odpowiedź % Poprawnych
Polnoc Francja
100%
Wschod (Portugalia) Hiszpania
100%
Poludnie Wlochy
100%
Wschod Szwajcaria
96%
Wschod Egipt
85%
Poludnie (przez morze) Libia
85%
Poludnie (przez morze) Malta
85%
Zachod Maroko
85%
Polnoc Algieria
77%
Polnoc Niger
73%
Zachod Nigeria
73%
Poludnie Sudan
73%
Poludnie Sudan Południowy
73%
Zachod Mali
69%
Zachod Republika Środkowoafrykańska
62%
Zachod Kamerun
58%
Poludnie (Ocean Atlantycki) Sahara Zachodnia
15%
Nie znaleziono quizów pasujących do podanych kryteriów
Rozkład punktacji
Procent ludzi z każdym wynikiem
Percentyl według liczby udzielonych odpowiedzi
Twoja historia wyników
Nie rozwiązałeś tego quizu